000 01058nam a2200373 a 4500
003 AR-BaBNM
005 20251128204108.0
008 082120s2002 ||||||||||||||000 | spa||
020 _a950-25-0-113-9
040 _cAR-BaBNM
100 1 _aGodio, Julio
245 0 0 _aLa caída de Perón
_bde junio a setiembre de 1955. 1
260 _aBuenos Aires
_bCentro Editor de América Latina
_c1985
300 _a129 p.
490 0 _aBiblioteca política argentina
_vv. 114
600 1 4 _aPerón, Juan Domingo
600 1 4 _aRojas, Isaac
600 1 4 _aAramburu, Pedro Eugenio
_d1955-1958
600 1 4 _aZavala Ortíz, Miguel Angel
600 1 4 _aLonardi, Eduardo
610 2 4 _aPartido Justicialista
650 4 _aHISTORIA POLITICA
650 4 _aPRESIDENCIAS ARGENTINAS
650 4 _aREVOLUCION DE JUNIO DE 1955
650 4 _aCLASE BAJA
650 4 _aSINDICALISMO
650 4 _aPACIFISMO
650 4 _aFUERZAS ARMADAS
651 4 _aArgentina
653 _aPERONISMO
800 1 _aTroncoso, Oscar
_edirector
942 _cBK
998 _cEnrique
999 _c6151
_d6151